Uyanış devirlerinde tercümenin rolü: İslam medeniyetinde tercümeler ve tesirleri/ (Record no. 73072)
| 000 -BAŞLIK | |
|---|---|
| Sabit Uzunluktaki Kontrol Alanı | 01201nam a22003617a 4500 |
| 001 - KONTROL NUMARASI | |
| Control Dosyası | 0072318 |
| 003 - KONTROL NUMARASI KİMLİĞİ | |
| Kontrol Alanı | KOHA_MİRAKIL |
| 005 - EN SON İŞLEM TARİHİ ve ZAMANI | |
| Kontrol Alanı | 20260207005050.0 |
| 007 - FİZİKSEL TANIM SABİT ALAN - GENEL BİLGİ | |
| Sabit uzunluklu kontrol alanı | ta |
| 008 - SABİT UZUNLUKTAKİ VERİ ÖGELERİ - GENEL BİLGİ | |
| Sabit Alan | 241202b2009 tu |||gr||||#0|||1|tur | |
| 020 ## - ISBN - ULUSLARARASI STANDART KİTAP NUMARASI | |
| Isbn | 9786053602859 |
| 040 ## - KATALOGLAMA KAYNAĞI | |
| Özgün Kataloglama Kurumu | TR-BiSEU |
| Kataloglama Dili | tur |
| Çeviri Kurumu | TR-BiSEU |
| Açıklama Kuralları | rda |
| 041 0# - DİL KODU | |
| Metin ya da ses kaydının dil kodu | tur |
| 044 ## - YAYINLAYAN/ÜRETEN KURULUŞUN ÜLKE KODU | |
| ISO country code | tu |
| 050 ## - SINIFLAMA ve YER NUMARASI | |
| Sınıflama Numarası | P306.8.T9 |
| Yer Numarası | U45 2009 |
| 100 1# - KİŞİ ADI | |
| Yazar Adı (Kişi adı) | Ülken, Hilmi Ziya. |
| 245 1# - ESER ADI BİLDİRİMİ | |
| Başlık | Uyanış devirlerinde tercümenin rolü: İslam medeniyetinde tercümeler ve tesirleri/ |
| Sorumluluk Bildirimi | Hilmi Ziya Ülken ; Hilmi Ziya Ülken; editör Ruken Kızıler. |
| 264 #1 - ÜRERİM, YAYIN, DAĞITIM ve TELİF BİLDİRİMİ | |
| Yayın yeri | İstanbul : |
| Yayınlayan | Türkiye İş Bankası Kültür Yayınları |
| Yayın tarihi | 2009 |
| 300 ## - FİZİKSEL TANIMLAMA | |
| Sayfa, Cilt vb. | X, 315 sayfa; 23 cm. |
| 336 ## - İÇERİK TÜRÜ | |
| Content type term | metin |
| Content type code | txt |
| Source | rdacontent |
| 337 ## - MEDYA TÜRÜ | |
| Media type term | aracısız |
| Media type code | n |
| Source | rdamedia |
| 338 ## - TAŞIYICI TÜRÜ | |
| Carrier type term | cilt |
| Carrier type code | nc |
| Source | rdacarrier |
| 490 1# - DİZİ BİLDİRİMİ | |
| Dizi Bildirimi | Genel yayın ; |
| Cilt Numarası | 2261. |
| 490 1# - DİZİ BİLDİRİMİ | |
| Dizi Bildirimi | Seçme Eserleri ; |
| Cilt Numarası | VI |
| 500 ## - GENEL NOT | |
| Genel Not | Kaynakça ve dizin var. |
| 650 #0 - KONU BAŞLIĞI EK GİRİŞ - KONU TERİMİ | |
| Konusal terim veya coğrafi ad | Türkiye--Entelektüel yaşam. |
| 9 (RLIN) | 17671 |
| 650 #0 - KONU BAŞLIĞI EK GİRİŞ - KONU TERİMİ | |
| Konusal terim veya coğrafi ad | Turkish literature. |
| 9 (RLIN) | 7987 |
| 650 #0 - KONU BAŞLIĞI EK GİRİŞ - KONU TERİMİ | |
| Konusal terim veya coğrafi ad | Turkey--Intellectual life. |
| 9 (RLIN) | 7401 |
| 830 1# - SERİ EK GİRİŞİ - TEKBİÇİM ESER ADI | |
| Tekbiçim Başlık | Genel yayın ; |
| Volume number/sequential designation | 2261. |
| 9 (RLIN) | 11064 |
| 830 1# - SERİ EK GİRİŞİ - TEKBİÇİM ESER ADI | |
| Tekbiçim Başlık | Seçme Eserleri ; |
| Volume number/sequential designation | VI |
| 9 (RLIN) | 144008 |
| 907 ## - LOCAL DATA ELEMENT G, LDG (RLIN) | |
| a | Dil ve Edebiyat |
| 942 ## - EK GİRİŞ ÖGELERİ (KOHA) | |
| Source of classification or shelving scheme | Library of Congress Classification |
| Koha item type | Book |
| Materyal Türü | Kalıcı Konum | Mevcut Konum | Raf Yeri | Sınıflandırma Kaynağı | Edinim Bilgisi | Ana Konular | Alt Konular | Yer Numarası | Demirbaş Numarası | Fatura Tarihi | Geri Çekilme Durumu | Kayıp Durumu | Hasarlı Durumu | Kredi için değil | Kayıt Tarih | Toplam Ödünçverme | Son Görülme Tarihi | Son Kontrol Tarihi | Genel / Bağış Notu |
|---|---|---|---|---|---|---|---|---|---|---|---|---|---|---|---|---|---|---|---|
| Book | Prof. Dr. Azmi Özcan Kütüphanesi | Prof. Dr. Azmi Özcan Kütüphanesi | Birûni Salonu | Library of Congress Classification | Bağış | DİL VE EDEBİYAT | Filoloji, Dilbilim | P306.8.T9 U45 2009 | 0072318 | 02/02/2026 | 02/12/2024 | 2 | 17/03/2025 | 17/03/2025 | Mustafa Çakır, Akademisyen |
